Albert Einstein / (Record no. 11571)

MARC details
000 -LEADER
fixed length control field 00612nam a2200229 a 4500
001 - CONTROL NUMBER
control field 00003361
008 - FIXED-LENGTH DATA ELEMENTS--GENERAL INFORMATION
fixed length control field 110328s1983 bg a g 000 0 eng d
040 ## - CATALOGING SOURCE
Original cataloging agency BD-DhIUB
Transcribing agency BD-DhIUB
082 04 - DEWEY DECIMAL CLASSIFICATION NUMBER
Classification number 925.3
Edition number 19
100 1# - MAIN ENTRY--PERSONAL NAME
Personal name Ali, Mohammad Nasir
245 00 - TITLE STATEMENT
Title Albert Einstein /
Statement of responsibility, etc Mohammad Nasir Ali
250 ## - EDITION STATEMENT
Edition statement 3rd ed.
260 ## - PUBLICATION, DISTRIBUTION, ETC. (IMPRINT)
Place of publication, distribution, etc Dhaka :
Name of publisher, distributor, etc Muktadhara,
Date of publication, distribution, etc 1983.
300 ## - PHYSICAL DESCRIPTION
Extent 100 p. ;
Dimensions 21 cm.
520 0# - SUMMARY, ETC.
Summary, etc General collection
556 ## - INFORMATION ABOUT DOCUMENTATION NOTE
Information about documentation note 1997-07-22
526 ## - STUDY PROGRAM INFORMATION NOTE
Department Computer Science and Engineering
650 17 - SUBJECT ADDED ENTRY--TOPICAL TERM
Topical term or geographic name as entry element Scientists
Source of heading or term Spines
650 27 - SUBJECT ADDED ENTRY--TOPICAL TERM
Topical term or geographic name as entry element Biographies
Source of heading or term Spines
653 00 - INDEX TERM--UNCONTROLLED
Uncontrolled term Einstein, Albert
Holdings
Withdrawn status Lost status Source of classification or shelving scheme Damaged status Not for loan Home library Current library Shelving location Date acquired Source of acquisition Cost, normal purchase price Total Checkouts Full call number Barcode Date last seen Date checked out Copy number Price effective from Koha item type
    Dewey Decimal Classification     Library, Independent University, Bangladesh (IUB) Library, Independent University, Bangladesh (IUB) General Stacks 21/04/2011   0.00 5 925.3 A398a 004869 15/10/2017 04/10/2017 1 18/05/2011 Books